Statistics for Zemské vrstvy

Click here to take the quiz!

General Stats

  • This quiz has been taken 4 times
  • The average score is 4 of 9

Answers on the Map

Answers color-coded by a green-red scale on the quiz's map according to % correct below.
 

Answer Stats

Layer% Correct
stratosféra
75%
kůra
50%
mezosféra
50%
plášť
50%
vnější jádro
50%
vnitřní jádro
50%
exosféra
25%
termosféra
25%
troposféra
25%

Score Distribution

Percentile by Number Answered

Percent of People with Each Score

Your Score History

You have not taken this quiz